Science Quiz

Random Science or Math Quiz

Computational Chemistry Acronyms by Any Word Quiz Stats

 Plays Quiz not verified by Sporcle

Support Sporcle.
Go Orange.
Score 0/72 Timer 10:00
0 Plays Today
Acronym Full version % Correct
QTAIMQuantum Theory of Atoms in Molecules
76%
GAMESSGeneral Atomic and Molecular Electronic Structure System
72%
VAMMVirtual Atom Molecular Mechanics
72%
DFTDensity Functional Theory
68%
MDMolecular Dynamics
68%
MMMolecular Mechanics
68%
QM/MMQuantum Mechanics - Molecular Mechanics
68%
CPMDCar-Parrinello Molecular Dynamics
68%
CHARMMChemistry at Harvard Molecular Mechanics
68%
MMFFMerck Molecular Force Field
68%
GROMOSGroningen Molecular Simulation
68%
MP2Moller-Plesset Perturbation Theory Second Order
64%
LDALocal Density Approximation
60%
ADFAmsterdam Density Functional
60%
SIESTASpanish Initiative for Electronic Simulations with Thousands of Atoms
60%
GIGOGarbage In - Garbage Out
60%
SCFSelf-Consistent Field
56%
SAPTSymmetry-Adapted Perturbation Theory
52%
FEPFree Energy Perturbation
52%
DPDDissipative Particle Dynamics
52%
AMBERAssisted Model Building and Energy Refinement
52%
CADDComputer-Aided Drug Design
52%
SBDDStructure-Based Drug Design
52%
LBDDLigand-Based Drug Design
52%
ANNArtificial Neural Network
52%
HFHartree-Fock
48%
GGAGeneralized Gradient Approximation
48%
XCExchange-Correlation
48%
CASTEPCambridge Serial Total Energy Package
48%
VdWvan der Waals
48%
UFFUniversal Force Field
48%
EVBEmpirical Valence Bond
48%
QSARQuantitative Structure-Activity Relationship
48%
QSPRQuantitative Structure-Property Relationship
48%
AIArtificial Intelligence
48%
NNNeural Network
48%
Acronym Full version % Correct
FFNNFeed Forward Neural Network
48%
BPNNBack-Propagation Neural Network
48%
CCSD(T)Coupled Cluster Singles Doubles (Triples)
44%
cc-pVTZCorrelation-Consistent Polarized Valence-Only Triple Zeta
44%
CIConfiguration Interaction
40%
AMOEBAAtomic Multipole Optimized Energetics for Biomolecular Applications
40%
LOOCVLeave One Out Cross-Validation
39.1%
DZPPolarized Double Zeta
36%
MNDOModified Neglect of Differential Overlap
36%
ZINDOZerner's Intermediate Neglect of Differential Overlap
36%
DMADistributed Multipole Analysis
36%
PCAPrincipal Component Analysis
36%
AM1Austin Model 1
32%
PCMPolarizable Continuum Model
32%
RISMReference Interaction Site Model
32%
VSVirtual Screening
32%
STO-3GSlater Type Orbital - 3 Gaussians
28%
MLRMultiple Linear Regression
28%
PM3Parametric Method 3
24%
CADPACCambridge Analytic Derivatives Package
24%
MCMonte Carlo
24%
H-K TheoremsHohenberg-Kohn Theorems
20%
BLYPBecke-Lee-Yang-Parr
20%
B3LYPBecke 3-Parameter Lee-Yang-Parr
20%
MLMachine Learning
20%
DLDeep Learning
20%
SVMSupport Vector Machine
20%
XTBExtended Tight Binding
16%
BSSEBasis Set Superposition Error
16%
LJLennard-Jones
16%
PLSProjection to Latent Structures - Partial Least Squares
16%
PBEPerdew–Burke-Ernzerhof
12%
kNNk-Nearest Neighbours
12%
RFRandom Forest
8.7%
SASimulated Annealing
8%
NEBNudged Elastic Band
8%

You're not logged in!

Compare scores with friends on all Sporcle quizzes.
OR
Log In

From the Vault

U2 Songs

by Ben

Consider this quiz homework for the upcoming U2 360° Tour.
Remove Ads.
Support Sporcle.
Get the best of Sporcle when you Go Orange. This ad-free experience offers more features, more stats, and more fun while also helping to support Sporcle. Thank you for becoming a member.

Show Comments

Extras

Created Feb 22, 2020ReportNominateIcon Source: PDB structure 3ts1 with d...
Tags:Chemistry Quiz, Computer Quiz, General Science Quiz, Math Quiz, Physics Quiz, Acronym, Expanded Acronyms, Quantum, Theory

Top Quizzes Today


Score Distribution

Your Account Isn't Verified!

In order to create a playlist on Sporcle, you need to verify the email address you used during registration. Go to your Sporcle Settings to finish the process.

Report this User

Report this user for behavior that violates our Community Guidelines.

Details: